Kombinácia hlboko eutektických rozpúšťadiel s dvojsýtnymi alkoholmi a ich vplyv pri delignifikácií buničín diplomová práca

Salvato in:
Dettagli Bibliografici
Autore principale: Bohunická, Alexandra
Natura: Libro
Lingua:slovacco
Pubblicazione: Bratislava STU FCHPT 2019
Accesso online:Visualizza in OPAC
Tags: Aggiungi Tag
Nessun Tag, puoi essere il primo ad aggiungerne!!

MARC

LEADER 00000nam a2200000 a 4500
005 20260127134019.0
008 190709 2019 xo a 001 0 slo d
035 |a vtls011875743 
039 9 |y 201907091012  |z mschk03 
040 |a STUSCHK1  |b slo  |c STUSCHK1  |e AACR2 
100 1 |a Bohunická, Alexandra 
245 1 |a Kombinácia hlboko eutektických rozpúšťadiel s dvojsýtnymi alkoholmi a ich vplyv pri delignifikácií buničín  |b diplomová práca  |c Alexandra Bohunická 
260 |a Bratislava  |b STU FCHPT  |c 2019 
300 |a 76 s.  |b Obr., tab.  |c 25 cm 
500 |a Študijný program: prírodné a syntetické polyméry 
500 |a Študijný odbor: chemické technológie 
500 |a Školiace pracovisko: Oddelenie dreva, celulózy a papiera 
500 |a Evid. číslo: FCHPT-13576-61127 
910 |a SCHK95 
999 |c 2114  |d 2114